Almost Useless Movie Trivia IV Quiz Stats

Quiz Updated Apr 8, 2015

Challenge
Share
Tweet
Embed
Score 0/24 Timer 05:00
10 Plays Today
% Correct
Back to the Future
95.6%
Spider-Man
94.9%
Cast Away
94.3%
Harry Potter and the Order of the Phoenix
94.2%
Monsters, Inc.
93.4%
Dirty Dancing
93.2%
Skyfall
92.6%
The Godfather
91.6%
Kill Bill: Vol. 1
91.3%
A Knight's Tale
89.8%
Willy Wonka & the Chocolate Factory
88.6%
How to Lose a Guy in 10 Days
87.9%
% Correct
The Big Lebowski
85.5%
Caddyshack
85.4%
Clue
84.8%
Bridesmaids
84.7%
Aladdin
83.1%
The Silence of the Lambs
83.1%
Mean Girls
82.4%
Gone with the Wind
82.2%
Pretty Woman
80.6%
Fear and Loathing in Las Vegas
80.6%
The Shining
77.7%
Psycho
70.5%

You're not logged in!

Compare scores with friends on all Sporcle quizzes.
Sign Up with Email
OR
Log In

You Might Also Like...

Show Comments

Extras

Top Quizzes Today


Score Distribution

Your Account Isn't Verified!

In order to create a playlist on Sporcle, you need to verify the email address you used during registration. Go to your Sporcle Settings to finish the process.